The Everyday Life Reader (Record no. 614820)

MARC details
000 -LEADER
fixed length control field 00379nam a2200145 4500
008 - FIXED-LENGTH DATA ELEMENTS--GENERAL INFORMATION
fixed length control field 260221b |||||||| |||| 00| 0 eng d
020 ## - INTERNATIONAL STANDARD BOOK NUMBER
ISBN 0-415-23024-1
Paper back/Hardbound hbk
082 ## - DEWEY DECIMAL CLASSIFICATION NUMBER
Classification number 306
Item number HIG
100 ## - MAIN ENTRY--AUTHOR NAME
Personal name Highmore, Ben
245 ## - TITLE STATEMENT
Title The Everyday Life Reader
Statement of responsibility, etc Ben Highmore
260 ## - PUBLICATION, DISTRIBUTION, ETC. (IMPRINT)
Place of publication USA & Canada
Name of publisher Routledge
Year of publication 2002
300 ## - PHYSICAL DESCRIPTION
Number of Pages xvi, 373
942 ## - ADDED ENTRY ELEMENTS (KOHA)
Koha item type English Books

No items available.

Find us on the map